| 000 | 00551nam a22001817a 4500 | ||
|---|---|---|---|
| 005 | 20251108173451.0 | ||
| 008 | 250721s2007 xx 000 0 ara d | ||
| 082 | 1 | 4 | _a216.072/ أمي |
| 100 | 1 | _aأمين، دلدار غفور حمد | |
| 245 | 1 | 0 | _aالبحث الدلالي في المعجمات الفقهية المتخصصة / |
| 264 | 1 |
_aعمان : _bدار دجلة، _c2007. |
|
| 300 | _a400ص. | ||
| 650 | 1 | 7 | _aالفقه الإسلامي |
| 650 | 1 | 7 | _aالبحوث |
| 650 | 1 | 7 | _aالمعاجم |
| 942 |
_2ddc _cBK |
||
| 999 |
_c104575 _d104575 |
||